000 01655nam a2200313 u 4500
001 000252662
003 AM-YeHGA
005 20250617125052.0
008 030806s1978 ai r 000 0 rus d
040 _aAM-YeHGA
245 0 0 _aМедико-биологические и социально-психологические проблемы космических полетов :
_bУказатель отечественной и зарубежной литературы 1966-1970 гг. /
_cСост. Е.А. Колтун, Е.А. Ахутин, В.П. Алексеева, М.Л. Шварц ; Ред. А.А. Гюрджиан.
246 1 4 _aMedical, Biological, Sociological and Psychological Problems of Space Flight : Index of Soviet and Foreign literature
260 _aМосква :
_bНаука,
_c1978.
300 _a519 с. ;
_c27 см.
650 1 4 _aКосмическая медицина
650 1 4 _aКосмический полет
650 1 4 _aЖизнеобеспечения системы экологические замкнутые
650 1 4 _aБиомедицинские исследования
650 1 4 _aПсихофизиология
650 1 4 _aКосмический полёт
650 1 4 _aКосмонавты
650 1 4 _aУказатель отечественной и зарубежной литературы
700 1 _aКолтун, Е.А.
_eсост.
_4com
700 1 _aАхутин, Е.А.
_eсост.
_4com
700 1 _aАлексеева, В.П.
_eсост.
_4com
700 1 _aШварц, М.Л.
_eсост.
_4com
700 1 _aГюрджиан, А.А.
_eред.
_4edt
090 _c91976
999 _c90684
_d90684